|
|
|
|
| LEADER |
00000nam a22000007a 4500 |
| 005 |
2020030203593.0 |
| 007 |
cr|||| |||| |
| 008 |
200302s2019 es |||||s|||| 00||0 spa d |
| 020 |
|
|
|a 978-84-121260-9-9
|
| 035 |
|
|
|a 31123
|
| 040 |
|
|
|a vLex
|
| 090 |
|
|
|c 10147
|d 10147
|
| 100 |
1 |
|
|a Carballo Fidalgo, Marta
|
| 245 |
1 |
0 |
|a Sobreendeudamiento de consumidores
|h [Recurso electrn̤ico] :
|b estrategias para garantizar una segunda oportunidad /
|c Marta Carballo Fidalgo
|
| 256 |
|
|
|a Servicio en ln̕ea
|
| 260 |
|
|
|a Barcelona:
|b J.M. Bosch Editor,
|c 2019
|
| 300 |
|
|
|a 1 recurso electrn̤ico
|
| 500 |
|
|
|a La mejora de la economa̕ espaǫla ha alejado del foco medit̀ico el problema del sobreendeudamiento de los consumidores, que sigue sin embargo muy presente en la realidad de los juzgados espaǫles. Diversos factores como la “fc̀il” concesin̤ de crďito por parte de entidades bancarias y financieras a particulares incapaces de hacer frente a sus deudas multiplican an︢ hoy las situaciones de insolvencia, cuyos efectos sobre las familias y el propio sistema financiero generan graves problemas sociales. Pervive as ̕el interš por analizar las debilidades de un marco normativo que no ha sabido impedir y apenas ha podido paliar tales situaciones, restando verificar si la Ley 5/2019, de contratos de crďito inmobiliario y la Directiva (UE) 2019/1023, sobre marcos de reestructuracin̤ preventiva e insolvencia, podrǹ fortalecerlo. Con el objeto de ofrecer una visin̤ integral de las diversas aristas del sobreendeudamiento de particulares, la presente obra ren︢e once trabajos vertebrados en torno a tres ejes temt̀icos: la prevencin̤, su tratamiento y el anl̀isis de la insolvencia desde una perspectiva conflictual y comparada. Tales trabajos comprenden el estudio de la obligacin̤ de evaluar la solvencia del consumidor de crďito, el deber de informacin̤ precontractual y transparencia, la proteccin̤ contractual del deudor hipotecario, el acuerdo extrajudicial de pagos y el mecanismo de exoneracin̤ del pasivo insatisfecho regulado en la Ley Concursal, con especial atencin̤ a la nocin̤ de deudor de buena fe, las particularidades del concurso de la persona fs̕ica empresaria, los retos abiertos por la Directiva (UE) 2019/1023, el concurso de herencia, los problemas ligados a la insolvencia transfronteriza y el tratamiento del sobreendeudamiento del consumidor en los ordenamientos francš e italiano.
|
| 506 |
1 |
|
|a Disponible solo en los productos indicados
|d vLex Global
|d vLex Global (Academic Edition, excluding Law Schools)
|d vLex Global (U.S. Academic Edition, Law Schools)
|d vLex Global (U.S. Academic Edition, excluding Law Schools)
|d vLex Global (Academic Edition, Law Schools)
|
| 650 |
0 |
4 |
|a Contratos Mercantiles
|z Espaą
|
| 740 |
0 |
|
|a vLex Libros (Servicio en ln̕ea)
|
| 856 |
4 |
0 |
|u http://vlex.com/source/sobreendeudamiento-de-consumidores-estrategias-para-garantizar-una-segunda-oportunidad-31123
|z Acceso restringido
|
| 942 |
|
|
|c BOOK
|
| 999 |
0 |
|
|a Commercial Contracts
|